Los Orígenes de las familias chilenas, II: 1. Portugueses; 2. Holandeses; 3. Italianos; 4. Malteses y Griegos; 5. Los nombres trucados

Uloženo v:
Podrobná bibliografie
Hlavní autor: Vicuña Mackenna, Benjamín, 1831-1886 (Autor)
Médium: Kniha
Jazyk:španělština
Vydáno: Santiago LIbrería, Imprenta i Encuadernación de Guillermo E. Miranda, Ahumada, 51 1903
Vydání:1a. ed
Edice:Biblioteca de Autores Chilenos, Vol. XIV
Témata:
Tagy: Přidat tag
Žádné tagy, Buďte první, kdo vytvoří štítek k tomuto záznamu!

MARC

LEADER 00000nam a2200000 a 4500
001 UCJ7601
003 CL-VaPUC
008 070124e19030000CL |||||||||||||||||spa|d
082 0 4 |a 983  |b VIC  |2 21 
100 |a Vicuña Mackenna, Benjamín,  |d 1831-1886  |x Político e historiador   |z Chile   |e author  |9 374 
245 1 4 |a Los Orígenes de las familias chilenas, II: 1. Portugueses; 2. Holandeses; 3. Italianos; 4. Malteses y Griegos; 5. Los nombres trucados 
250 |a 1a. ed 
300 |a 31 p 
942 |c BK 
945 |d 20070124 00:00:00  |a rinostro 
260 |a Santiago  |b LIbrería, Imprenta i Encuadernación de Guillermo E. Miranda, Ahumada, 51  |c 1903 
500 |a Se encuentra empastado junto a otras monografías en un volumen rotulado Miscelánea A O-2, al final de las obras de Vicuña Mackenna 
650 0 |a Genealogía  |9 255285 
650 7 |a PORTUGUESES  |2 CL-VaPUC  |9 446290 
650 7 |a HOLANDESES  |2 CL-VaPUC  |9 504311 
650 7 |a ITALIANOS  |2 CL-VaPUC  |9 446950 
650 7 |a MALTESES  |2 CL-VaPUC  |9 516092 
650 7 |a GRIEGOS  |2 CL-VaPUC  |9 318981 
650 7 |a ONOMATOLOGIA  |2 CL-VaPUC  |9 374848 
583 |a last modification  |c 20070124 00:00:00  |k Rodrigo Vera 
490 0 |a Biblioteca de Autores Chilenos, Vol. XIV 
999 |c 323648  |d 323646 
952 |0 0  |1 0  |4 0  |6 983_000000000000000_VIC_1903  |7 0  |8 X  |9 403416  |a FDOBUD  |b FDOBUD  |d 2019-11-22  |i 1066609  |o 983 VIC 1903  |p 1066609  |r 2019-11-22  |w 2019-11-22  |y BK_X  |k BUD